Química de los alimentos /

Contenido: Agua; Aminoácidos, péptidos, proteínas; Enzimas; Lípidos; Carbohidratos; Sustancias aromáticas; Vitaminas; Minerales; Aditivos; Contaminación de los alimentos; Leche y productos lácteos; Huevos; Carne; Peces, ballenas, crustáceos y moluscos; Grasas y aceites comestibles; Cereales y deriva...

תיאור מלא

שמור ב:
מידע ביבליוגרפי
מחבר ראשי: Belitz, Hans-Dieter (autor)
מחברים אחרים: Grosch, Werner (autor) (autor)
פורמט: ספר
שפה:ספרדית
יצא לאור: Zaragoza, España : Acribia, 1997, c1997
מהדורה:2a edición
נושאים:
תגים: הוספת תג
אין תגיות, היה/י הראשונ/ה לתייג את הרשומה!

MARC

LEADER 00000nam^a2200000^a^4500
001 000182925
005 20250521000000.0
009 20260310102024.273
020 |a 84-200-0835-4 
037 |a Acervo ITESO - Biblioteca 
041 |a ESP 
082 |a 664. 07  |b BEL 
100 |a Belitz, Hans-Dieter  |e (autor) 
240 1 1 |a [Química de los alimentos, de Hans-Dieter Belitz] 
245 1 0 |a Química de los alimentos /  |c H.D. Belitz, W. Grosch ; tr. por María Otilia López Buesa. 
250 |a 2a edición 
264 4 |a Zaragoza, España :  |b Acribia,  |c 1997, c1997 
300 |a XLV, 1087 p. 
336 |a texto  |b txt  |2 rdacontenido 
337 |a sin mediación  |b n  |2 rdamedio 
338 |a volumen  |b nc  |2 rdasoporte 
500 |a Traducción de: Lehrbuch der Lebensmittelchemie 
520 |a Contenido: Agua; Aminoácidos, péptidos, proteínas; Enzimas; Lípidos; Carbohidratos; Sustancias aromáticas; Vitaminas; Minerales; Aditivos; Contaminación de los alimentos; Leche y productos lácteos; Huevos; Carne; Peces, ballenas, crustáceos y moluscos; Grasas y aceites comestibles; Cereales y derivados; Legumbres; Hortalizas y productos hortícolas; Frutas, frutos secos y productos derivados; Azúcar, azúcares-alcohol y miel; Bebidas alcohólicas; Café, té y cacao; Especias, sal común y vinagre; Aguas potables, minerales y potabilizadas. 
649 |a XX 
650 |a Alimentos y Bebidas -  |x Composición 
650 |a Alimentos y Bebidas -  |x Tema Principal 
650 |a Química de Alimentos -  |x Tema Principal 
650 |a Bromatología 
700 |a Grosch, Werner  |e (autor) 
910 |a Fondo General 
920 |a Impresos - Libros 
930 |a Colección General 
905 |a 101 
901 |a 0500123128  |b IT1  |c ACC  |u 20250521 
901 |a 0500123465  |b IT1  |c ACC  |u 20250521 
902 |a https://opac.biblio.iteso.mx/vufind/Record/000182925